000 00750nam a22001697a 4500
999 _c60965
_d60965
005 20231130114148.0
008 231130s1988 ru ||||| |||| 00| 0 rus d
041 _arus
080 _a91(35) Г-35
245 _aГеографический энциклопедический словарь :
_bПонятия и термины /
_cГлавный редактор А.Ф. Трешников.
264 _aМосква :
_bСоветская энциклопедия,
_c1988.
300 _a432.:
_bилл.
_c28 см.
653 _aგეოგრაფია
653 _aენციკლოპედიური ლექსიკონი
700 _aТрешников, А.
_eმთავ. რედაქტორი
_920519
942 _2udc
_cBK